[Event "Outaouais-ch Reserves"]
[Site "Gatineau CAN"]
[Date "2019.05.14"]
[Round "8"]
[White "Danilov, Alex"]
[Black "Berthiaume, Serge"]
[Result "1-0"]
[WhiteElo "1628"]
[BlackElo "1433"]
[PlyCount "51"]
[EventDate "2019.03.20"]
[EventType "swiss"]
[EventRounds "8"]
[EventCountry "CAN"]

1. Nf3 d5 2. c4 d4 3. e3 c5 4. exd4 cxd4 5. d3 Nc6 6. g3 Bf5 7. Qa4 Bd7 8. Qd1
e5 9. Bg2 Bb4+ 10. Nbd2 Bf5 11. a3 Qa5 12. O-O Bxd3 13. Re1 Bxd2 14. Bxd2 Qc7
15. b4 Bxc4 16. Rc1 b5 17. Nxe5 Nxe5 18. Bxa8 Kd8 19. Bf4 f6 20. Qxd4+ Qd7 21.
Bxe5 fxe5 22. Qxe5 Kc8 23. Qc5+ Kb8 24. Qf8+ Kc7 25. Rcd1 Qc8 26. Qf4+ 1-0

[Event "Outaouais-ch Reserves"]
[Site "Gatineau CAN"]
[Date "2019.05.14"]
[Round "8"]
[White "Fang, Johnny"]
[Black "Lemieux, Richard"]
[Result "0-1"]
[WhiteElo "1096"]
[BlackElo "1647"]
[PlyCount "124"]
[EventDate "2019.03.20"]
[EventType "swiss"]
[EventRounds "8"]
[EventCountry "CAN"]

1. e4 e5 2. Nf3 Nc6 3. Bc4 Bc5 4. d3 Nf6 5. Nc3 d6 6. O-O Be6 7. Bxe6 fxe6 8.
a3 Qe7 9. Ne2 O-O-O 10. c3 d5 11. exd5 exd5 12. b4 e4 13. Nfd4 Bxd4 14. Nxd4
Nxd4 15. cxd4 Qd6 16. Bg5 h6 17. Bh4 g5 18. Bg3 Qb6 19. Be5 Rhf8 20. dxe4 Nxe4
21. Qg4+ Kb8 22. f3 Nd6 23. Qe6 Rde8 24. Qxh6 Nf7 25. Qxb6 axb6 26. Bg3 Re2 27.
Rac1 Re7 28. Rc2 Kc8 29. Rfc1 c6 30. b5 Re6 31. bxc6 Rxc6 32. Rxc6+ bxc6 33.
Rxc6+ Kb7 34. Rc7+ Ka6 35. h4 gxh4 36. Bxh4 Nd6 37. Be7 Nb5 38. Bxf8 Nxc7 39.
Bg7 Ne6 40. Be5 Ka5 41. Kf2 Ka4 42. Ke3 Kxa3 43. Bd6+ Kb3 44. f4 Kc4 45. Be5 b5
46. f5 Ng5 47. f6 b4 48. Bd6 b3 49. Ba3 Kc3 50. Kf4 Nf7 51. Kf5 b2 52. Ke6 Ng5+
53. Ke7 b1=Q 54. Kf8 Qb7 55. Be7 Kxd4 56. Kg7 Qc8 57. Bf8 Ne6+ 58. Kg6 Qxf8 59.
g4 Ke5 60. g5 Qg8+ 61. Kh6 Qxg5+ 62. Kh7 Kxf6 0-1

[Event "Outaouais-ch Reserves"]
[Site "Gatineau CAN"]
[Date "2019.05.14"]
[Round "8"]
[White "Jobin, Gilles G"]
[Black "Lavergne, Daniel"]
[Result "0-1"]
[WhiteElo "1755"]
[BlackElo "1610"]
[PlyCount "86"]
[EventDate "2019.03.20"]
[EventType "swiss"]
[EventRounds "8"]
[EventCountry "CAN"]

1. e4 c5 2. Nf3 d6 3. c3 g6 4. d4 Bg7 5. dxc5 dxc5 6. Qxd8+ Kxd8 7. Bc4 e6 8.
Be3 Nd7 9. Nbd2 a6 10. a4 Ngf6 11. O-O Ke7 12. Rfe1 Re8 13. Rad1 Kf8 14. h3 b6
15. Bf4 e5 16. Bh2 Bb7 17. Nf1 Bc6 18. Bb3 b5 19. a5 c4 20. Bc2 Rac8 21. Rd6
Kg8 22. Ng3 Bf8 23. Rdd1 Be7 24. Nf1 Bd8 25. Ra1 Bc7 26. N3d2 Nc5 27. b4 cxb3
28. Nxb3 Nxb3 29. Bxb3 Bxe4 30. f3 Bd5 31. Bc2 e4 32. Bxc7 Rxc7 33. fxe4 Bxe4
34. Bxe4 Rxe4 35. Nd2 Rxe1+ 36. Rxe1 Rxc3 37. Nf3 Kf8 38. Ne5 b4 39. Rf1 Kg7
40. Rb1 Nd5 41. Rd1 Rc5 42. Nc4 Rxc4 43. Rxd5 b3 0-1

[Event "Outaouais-ch Reserves"]
[Site "Gatineau CAN"]
[Date "2019.05.14"]
[Round "8"]
[White "Latreille, Etienne"]
[Black "Dupont-Mageau, Nicolas"]
[Result "1/2-1/2"]
[WhiteElo "1674"]
[BlackElo "1558"]
[PlyCount "40"]
[EventDate "2019.03.20"]
[EventType "swiss"]
[EventRounds "8"]
[EventCountry "CAN"]

1. e4 e5 2. Bc4 Nc6 3. d3 Bc5 4. Nf3 Nge7 5. c3 d5 6. exd5 Nxd5 7. b4 Bb6 8. a4
a6 9. Qb3 Be6 10. O-O f6 11. Ba3 Qd7 12. Nbd2 O-O 13. Qc2 Rfd8 14. Rfd1 Qe8 15.
b5 axb5 16. axb5 Nce7 17. Ne4 Bg4 18. Qb2 Kh8 19. Bxe7 Nxe7 20. Rxa8 Rxa8
1/2-1/2

[Event "Outaouais-ch Reserves"]
[Site "Gatineau CAN"]
[Date "2019.05.14"]
[Round "8"]
[White "Legare, Gilles"]
[Black "Zhao, Richie"]
[Result "0-1"]
[WhiteElo "1096"]
[BlackElo "1272"]
[PlyCount "56"]
[EventDate "2019.03.20"]
[EventType "swiss"]
[EventRounds "8"]
[EventCountry "CAN"]

1. e4 e5 2. Nc3 Nf6 3. Bc4 Bc5 4. Nf3 Nc6 5. d3 d6 6. Bg5 h6 7. Bh4 Bg4 8. a3
Nd4 9. h3 Bxf3 10. gxf3 c6 11. b4 Bb6 12. a4 d5 13. Bb3 Qd6 14. b5 Ba5 15. O-O
Bxc3 16. Ra2 Qe6 17. Kg2 Nh5 18. Rh1 Nf4+ 19. Kf1 Qg6 20. Rg1 Qh5 21. Rg4 g5
22. Rxf4 exf4 23. Ra3 Qxh4 24. Kg2 g4 25. fxg4 h5 26. exd5 hxg4 27. Qxg4 f3+
28. Kf1 Qxg4 0-1

[Event "Outaouais-ch Reserves"]
[Site "Gatineau CAN"]
[Date "2019.05.14"]
[Round "8"]
[White "Rioux, Jocelyn"]
[Black "Cayen, Jean-Philippe"]
[Result "1-0"]
[WhiteElo "1712"]
[BlackElo "1437"]
[PlyCount "103"]
[EventDate "2019.03.20"]
[EventType "swiss"]
[EventRounds "8"]
[EventCountry "CAN"]

1. e4 g6 2. d4 e6 3. Nf3 Bg7 4. Bc4 Ne7 5. O-O d5 6. exd5 Nxd5 7. Nc3 Nxc3 8.
bxc3 O-O 9. Ba3 Re8 10. Rb1 c6 11. Re1 Bf8 12. Bxf8 Kxf8 13. Ne5 Kg7 14. Qf3
Qf6 15. Qxf6+ Kxf6 16. Re3 Kg7 17. Rf3 Re7 18. g4 Nd7 19. Re1 Nxe5 20. Rxe5 b5
21. Bd3 Bd7 22. g5 a6 23. c4 Be8 24. d5 bxc4 25. Bxc4 cxd5 26. Bxd5 Raa7 27.
Bb3 Bb5 28. Ree3 Rec7 29. Rh3 Rc5 30. f4 a5 31. a4 Bc4 32. Rc3 Rac7 33. Kf2
Bxb3 34. Rxc5 Rxc5 35. cxb3 Rf5 36. Ke3 e5 37. fxe5 Rxg5 38. Ke4 h5 39. Rg3 Rf5
40. Rf3 Rxf3 41. Kxf3 g5 42. Ke4 Kg6 43. b4 axb4 44. a5 b3 45. Kd3 b2 46. Kc2
Kf5 47. a6 Kxe5 48. a7 b1=Q+ 49. Kxb1 f5 50. a8=Q f4 51. Qe8+ Kf5 52. Qxh5 1-0

[Event "Outaouais-ch Reserves"]
[Site "Gatineau CAN"]
[Date "2019.05.14"]
[Round "8"]
[White "Sabourin, Yves"]
[Black "Fang, Zhou"]
[Result "1-0"]
[WhiteElo "1410"]
[BlackElo "1408"]
[PlyCount "67"]
[EventDate "2019.03.20"]
[EventType "swiss"]
[EventRounds "8"]
[EventCountry "CAN"]

1. e4 c5 2. c3 d6 3. d4 cxd4 4. cxd4 Nf6 5. Nc3 Nc6 6. Nf3 Bg4 7. Be2 Qb6 8. d5
Nd8 9. Bb5+ Nd7 10. O-O a6 11. Ba4 Qa5 12. Bd2 Qc5 13. Ne5 b5 14. Nxg4 bxa4 15.
Qxa4 Rb8 16. Be3 Qc7 17. Qxa6 Rxb2 18. Nb5 Qb8 19. a4 Nb7 20. Ba7 Qd8 21. Qxb7
h5 22. Nc7+ Qxc7 23. Qxc7 f6 24. Qc8+ Kf7 25. Qxd7 hxg4 26. Rfc1 g6 27. Qe6+
Kg7 28. Qxg4 Kf7 29. Qg3 Rxh2 30. Qxh2 Rxf2 31. Bxf2 e6 32. Qh4 Ke7 33. Rc7+
Ke8 34. Qxf6 1-0

[Event "Outaouais-ch Reserves"]
[Site "Gatineau CAN"]
[Date "2019.05.14"]
[Round "8"]
[White "Scantland, Patrick"]
[Black "Labelle, Raymond"]
[Result "0-1"]
[WhiteElo "1803"]
[BlackElo "1377"]
[PlyCount "60"]
[EventDate "2019.03.20"]
[EventType "swiss"]
[EventRounds "8"]
[EventCountry "CAN"]

1. e4 e6 2. Nf3 d5 3. exd5 exd5 4. d4 Nf6 5. Bg5 Be7 6. Bd3 Ne4 7. Bxe7 Qxe7 8.
O-O O-O 9. Nbd2 Re8 10. Re1 Bf5 11. Ne5 f6 12. Nxe4 dxe4 13. Bc4+ Be6 14. d5
Rd8 15. Ng4 f5 16. Ne3 Kh8 17. Qe2 Bd7 18. Rad1 Qg5 19. f3 f4 20. Nf1 exf3 21.
Qxf3 Bg4 22. Qe4 Nd7 23. Rd4 Rf8 24. Bd3 Rf5 25. Ne3 Nc5 26. Nxf5 Nxe4 27.
Rdxe4 Bh5 28. d6 cxd6 29. b4 Rf8 30. Nxd6 f3 0-1

[Event "Outaouais-ch Reserves"]
[Site "Gatineau CAN"]
[Date "2019.05.14"]
[Round "8"]
[White "Seguin, Hubert"]
[Black "Villeneuve, Denis"]
[Result "1/2-1/2"]
[WhiteElo "1561"]
[BlackElo "1483"]
[PlyCount "110"]
[EventDate "2019.03.20"]
[EventType "swiss"]
[EventRounds "8"]
[EventCountry "CAN"]

1. e4 c5 2. Nc3 d6 3. g3 g6 4. Bg2 Bg7 5. d3 Nc6 6. f4 Nf6 7. Nf3 O-O 8. O-O
Rb8 9. a4 a6 10. Be3 Bd7 11. Qd2 b5 12. axb5 axb5 13. Ne2 Ng4 14. c3 b4 15. d4
Na5 16. Rxa5 Qxa5 17. e5 Rfd8 18. h3 Nxe3 19. Qxe3 bxc3 20. bxc3 Rb2 21. Nd2
Qa2 22. Nc1 Qa6 23. Nd3 cxd4 24. cxd4 Rb6 25. g4 e6 26. Ne4 Rb3 27. Rd1 Bb5 28.
Bf1 Bxd3 29. Bxd3 Rxd3 30. Rxd3 dxe5 31. Ra3 exd4 32. Qb3 Qc6 33. Qd3 Ra8 34.
Rxa8+ Qxa8 35. Kf2 Qd5 36. Ng3 f5 37. gxf5 exf5 38. Ne2 Qe4 39. Qc4+ Kf8 40.
Qc8+ Kf7 41. Qd7+ Kg8 42. Qd8+ Bf8 43. Nxd4 Qxf4+ 44. Kg2 Qd6 45. Qh4 Be7 46.
Qf2 Qd5+ 47. Nf3 Bc5 48. Qe2 Qe4 49. Qa2+ Kg7 50. Qb2+ Bd4 51. Qxd4+ Qxd4 52.
Nxd4 Kf6 53. Nf3 h6 54. h4 Ke6 55. Kg3 Kf6 1/2-1/2

[Event "Outaouais-ch Reserves"]
[Site "Gatineau CAN"]
[Date "2019.05.14"]
[Round "8"]
[White "Traversy, Pierre"]
[Black "Simard, Paul"]
[Result "0-1"]
[WhiteElo "1193"]
[BlackElo "1175"]
[PlyCount "148"]
[EventDate "2019.03.20"]
[EventType "swiss"]
[EventRounds "8"]
[EventCountry "CAN"]

1. d4 d5 2. Nc3 Nf6 3. Nf3 Bf5 4. Bf4 Nc6 5. a3 e6 6. e3 a6 7. Bg5 Bd6 8. g3 h6
9. Bxf6 Qxf6 10. Bg2 O-O 11. b4 b5 12. Ne2 Be4 13. Nc3 Bh7 14. O-O Ne7 15. Re1
Rfe8 16. e4 dxe4 17. Nxe4 Bxe4 18. Rxe4 Nd5 19. Qd3 c6 20. Rae1 Qd8 21. Ne5
Bxe5 22. dxe5 Qb6 23. Rd4 Rad8 24. Rd1 Qc7 25. Bxd5 cxd5 26. Qe2 Qc3 27. R4d3
Qc7 28. Rd4 g6 29. R1d2 h5 30. Qe3 Kg7 31. Qg5 Qe7 32. Qxe7 Rxe7 33. c3 f6 34.
exf6+ Kxf6 35. Rf4+ Kg7 36. Rfd4 Rc8 37. R2d3 Rec7 38. Re3 Kf7 39. Rf3+ Kg7 40.
Rdd3 Rf7 41. Rfe3 Rcf8 42. f3 Re7 43. Kg2 Rf5 44. f4 g5 45. Re5 Kf6 46. Rxf5+
Kxf5 47. fxg5 Kxg5 48. Rd4 Rc7 49. h4+ Kf5 50. Rd3 Rc4 51. Kf3 Ke5 52. Re3+ Re4
53. Rd3 Rg4 54. Re3+ Re4 55. Rd3 Rg4 56. Rd1 Re4 57. Kf2 Rg4 58. Kg2 Re4 59.
Kf3 Rg4 60. Ra1 Rc4 61. Re1+ Re4 62. Re3 Kf5 63. Rxe4 dxe4+ 64. Kf2 Kg4 65. Kg2
e3 66. Kf1 Kxg3 67. Ke2 Kxh4 68. Kxe3 Kg3 69. Ke4 h4 70. Ke5 h3 71. Kxe6 h2 72.
Kd6 h1=Q 73. Kc7 Qh6 74. c4 Qf4+ 0-1

[Event "Outaouais-ch U20"]
[Site "Gatineau CAN"]
[Date "2019.01.22"]
[Round "1"]
[White "Latreille, Etienne"]
[Black "Dupont-Mageau, Nicolas"]
[Result "1/2-1/2"]
[WhiteElo "1631"]
[BlackElo "1604"]
[PlyCount "48"]
[EventDate "2019.01.22"]
[EventType "tourn"]
[EventRounds "5"]
[EventCountry "CAN"]

1. d4 Nf6 2. Bg5 g6 3. e3 Bg7 4. Nf3 d6 5. Bc4 O-O 6. Nbd2 h6 7. Bh4 g5 8. Bg3
e6 9. Qe2 a6 10. h4 g4 11. Nh2 h5 12. f3 e5 13. dxe5 dxe5 14. O-O-O Qe7 15. e4
b5 16. Bb3 c5 17. Bd5 Ra7 18. c4 b4 19. Qe3 a5 20. Nb3 Nbd7 21. fxg4 a4 22. Nd2
hxg4 23. Nhf1 Nxd5 24. exd5 f5 1/2-1/2

[Event "Outaouais-ch U20"]
[Site "Gatineau CAN"]
[Date "2019.01.22"]
[Round "1"]
[White "Masse-Garneau, Anthony"]
[Black "Azar, Sebastien"]
[Result "1-0"]
[WhiteElo "1608"]
[BlackElo "1804"]
[PlyCount "89"]
[EventDate "2019.01.22"]
[EventType "tourn"]
[EventRounds "5"]
[EventCountry "CAN"]

1. d4 d5 2. Bf4 Nf6 3. e3 Bf5 4. Bd3 Bxd3 5. Qxd3 Nbd7 6. Nd2 e6 7. Ngf3 c5 8.
c3 Qb6 9. Qc2 Bd6 10. Ne5 O-O 11. O-O cxd4 12. exd4 Bxe5 13. dxe5 Nh5 14. Be3
Qd8 15. g4 f5 16. gxh5 f4 17. Bd4 f3 18. Kh1 Qh4 19. Rg1 Rf5 20. Rg3 Raf8 21.
Rag1 R8f7 22. Nf1 Rxh5 23. Rg4 Qd8 24. Qa4 Nxe5 25. Bxe5 Rxe5 26. Qd4 Qc7 27.
Qxa7 Qd8 28. Qd4 Qc7 29. Qa7 Qd8 30. Qd4 Qc7 31. Rf4 Re2 32. Rxf7 Qxf7 33. Qb6
g6 34. a4 e5 35. a5 e4 36. b4 Rc2 37. b5 Rxc3 38. a6 bxa6 39. bxa6 Ra3 40. Qb8+
Kg7 41. Qb2+ d4 42. Qxa3 e3 43. fxe3 f2 44. Rg2 Qc4 45. Qa1 1-0

[Event "Outaouais-ch U20"]
[Site "Gatineau CAN"]
[Date "2019.02.23"]
[Round "2"]
[White "Azar, Sebastien"]
[Black "Sun, Roy"]
[Result "1-0"]
[WhiteElo "1804"]
[BlackElo "1398"]
[PlyCount "77"]
[EventDate "2019.01.22"]
[EventType "tourn"]
[EventRounds "5"]
[EventCountry "CAN"]

1. e4 e6 2. d4 b6 3. Nf3 Bb7 4. Bd3 g6 5. c4 Bh6 6. Bxh6 Nxh6 7. Nc3 O-O 8. d5
c5 9. h3 f5 10. Qc2 Na6 11. a3 Qf6 12. e5 Qg7 13. O-O-O Nf7 14. Rde1 Rfe8 15.
Qe2 d6 16. exd6 Nxd6 17. dxe6 Bxf3 18. Qxf3 Rac8 19. h4 b5 20. Qd5 Qd4 21. e7+
Kg7 22. Re6 Qf4+ 23. Kb1 Nc7 24. Qxd6 Nxe6 25. Qxe6 Qd4 26. Bc2 Qf6 27. Qxf6+
Kxf6 28. Nd5+ Ke5 29. Re1+ Kd4 30. Nf6 Kxc4 31. Nxe8 Rxe8 32. Re5 a5 33. h5 b4
34. axb4 cxb4 35. b3+ Kd4 36. f4 g5 37. g3 h6 38. Bxf5 Kc3 39. Bd7 1-0

[Event "Outaouais-ch U20"]
[Site "Gatineau CAN"]
[Date "2019.01.29"]
[Round "2"]
[White "Dupont-Mageau, Nicolas"]
[Black "Masse-Garneau, Anthony"]
[Result "0-1"]
[WhiteElo "1604"]
[BlackElo "1608"]
[PlyCount "84"]
[EventDate "2019.01.22"]
[EventType "tourn"]
[EventRounds "5"]
[EventCountry "CAN"]

1. e4 e5 2. Nf3 Nf6 3. d3 Nc6 4. Nbd2 Bc5 5. h3 d6 6. g3 h6 7. Bg2 Be6 8. Nb3
Bb6 9. d4 Bxb3 10. axb3 Nxd4 11. Nxd4 Bxd4 12. c3 Bb6 13. O-O O-O 14. g4 Nh7
15. Qf3 Ng5 16. Qg3 Ne6 17. h4 g5 18. hxg5 hxg5 19. Bf3 Kg7 20. Kg2 Rh8 21. Be3
Nf4+ 22. Kg1 Rh3 23. Bxf4 Rxg3+ 24. Bxg3 Qf6 25. Kg2 Rh8 26. Be2 Qe6 27. c4 Bd4
28. Rfd1 a6 29. Rab1 Qh6 30. Kf3 Qf6+ 31. Kg2 Qh6 32. Kf3 Qe6 33. Kg2 Qd7 34.
Kf3 Qc6 35. Rdc1 Qb6 36. Bd1 Rh6 37. Kg2 Qa5 38. Rc2 Qe1 39. Bh2 Bxf2 40. Rxf2
Rxh2+ 41. Kxh2 Qxf2+ 42. Kh3 Qe3+ 0-1

[Event "Outaouais-ch U20"]
[Site "Gatineau CAN"]
[Date "2019.02.05"]
[Round "3"]
[White "Azar, Sebastien"]
[Black "Latreille, Etienne"]
[Result "1/2-1/2"]
[WhiteElo "1804"]
[BlackElo "1631"]
[PlyCount "83"]
[EventDate "2019.01.22"]
[EventType "tourn"]
[EventRounds "5"]
[EventCountry "CAN"]

1. e4 c5 2. Nf3 Nc6 3. d4 cxd4 4. Nxd4 e6 5. Nc3 Nf6 6. a3 a6 7. Be3 Be7 8.
Nxc6 bxc6 9. Bd3 d5 10. exd5 cxd5 11. Bf4 Bb7 12. Qe2 d4 13. Ne4 Qd5 14. f3 O-O
15. c4 dxc3 16. Nxc3 Qa5 17. O-O Qb6+ 18. Be3 Bc5 19. Rfe1 Rfd8 20. Kh1 Bxe3
21. Qxe3 Qxe3 22. Rxe3 Nd5 23. Nxd5 Rxd5 24. h3 Rd6 25. Rc1 g6 26. Rc7 Rb6 27.
Rxb7 Rxb7 28. Be4 Rab8 29. Bxb7 Rxb7 30. b4 Kf8 31. Kg1 Ke7 32. Kf2 Kd6 33. Rc3
h5 34. Ke3 Rb5 35. g4 hxg4 36. hxg4 g5 37. Rd3+ Ke5 38. Rd4 a5 39. Re4+ Kd5 40.
f4 gxf4+ 41. Kxf4 f6 42. Ke3 1/2-1/2

[Event "Outaouais-ch U20"]
[Site "Gatineau CAN"]
[Date "2019.02.05"]
[Round "3"]
[White "Sun, Roy"]
[Black "Masse-Garneau, Anthony"]
[Result "1/2-1/2"]
[WhiteElo "1398"]
[BlackElo "1608"]
[PlyCount "76"]
[EventDate "2019.01.22"]
[EventType "tourn"]
[EventRounds "5"]
[EventCountry "CAN"]

1. d4 d5 2. Nf3 Nf6 3. Bf4 Bf5 4. Nc3 e6 5. a3 Bd6 6. e3 h6 7. Bb5+ c6 8. Bd3
Bxf4 9. exf4 Bg4 10. h3 Bxf3 11. Qxf3 Qb6 12. O-O-O Qxd4 13. g4 Qb6 14. g5 Nfd7
15. Rhe1 Na6 16. gxh6 Rxh6 17. Qg3 Nac5 18. Qxg7 Nxd3+ 19. Rxd3 Qxf2 20. Qxh6
Qxe1+ 21. Nd1 O-O-O 22. Qg7 Rf8 23. Re3 Qh4 24. Qd4 Kb8 25. Qb4 c5 26. Qb5 Rd8
27. Rb3 Qxf4+ 28. Kb1 Qc7 29. h4 Kc8 30. h5 c4 31. Rh3 Qc5 32. Nc3 Qxb5 33.
Nxb5 Nf6 34. h6 Rh8 35. Nd6+ Kd7 36. Nxf7 Rh7 37. Ng5 Rh8 38. Nf7 Rh7 1/2-1/2

[Event "Outaouais-ch U20"]
[Site "Gatineau CAN"]
[Date "2019.02.19"]
[Round "4"]
[White "Dupont-Mageau, Nicolas"]
[Black "Azar, Sebastien"]
[Result "0-1"]
[WhiteElo "1604"]
[BlackElo "1804"]
[PlyCount "102"]
[EventDate "2019.01.22"]
[EventType "tourn"]
[EventRounds "5"]
[EventCountry "CAN"]

1. Nf3 d5 2. g3 c5 3. Bg2 g6 4. O-O Bg7 5. d3 Nc6 6. Nbd2 e6 7. Re1 Nge7 8. c4
O-O 9. Rb1 b6 10. Nf1 Bb7 11. Bg5 Qc7 12. Qc1 Nf5 13. e4 dxe4 14. dxe4 Nfd4 15.
Bh6 Nxf3+ 16. Bxf3 Nd4 17. Bg2 f5 18. Bxg7 Qxg7 19. Nd2 Qf7 20. f4 e5 21. fxe5
Rae8 22. Nf3 Nxf3+ 23. Bxf3 fxe4 24. Bg2 Rxe5 25. Qc3 Qf2+ 26. Kh1 Rh5 27. Rf1
Qd4 28. Rxf8+ Kxf8 29. Qxd4 cxd4 30. Rd1 d3 31. Rd2 Re5 32. Bxe4 Rxe4 33. Kg1
Rd4 34. b3 Be4 35. Kf2 Bf5 36. Ke3 Rd7 37. g4 Bxg4 38. Rxd3 Rxd3+ 39. Kxd3 Ke7
40. Kd4 Kd6 41. b4 Be6 42. a4 h5 43. h4 Bd7 44. a5 Ke6 45. axb6 axb6 46. Ke4
Bc6+ 47. Kf4 Kf6 48. Kg3 Ke5 49. Kh3 Kf4 50. b5 Bb7 51. c5 bxc5 0-1

[Event "Outaouais-ch U20"]
[Site "Gatineau CAN"]
[Date "2019.02.26"]
[Round "5"]
[White "Masse-Garneau, Anthony"]
[Black "Latreille, Etienne"]
[Result "0-1"]
[WhiteElo "1608"]
[BlackElo "1631"]
[PlyCount "98"]
[EventDate "2019.01.22"]
[EventType "tourn"]
[EventRounds "5"]
[EventCountry "CAN"]

1. d4 Nf6 2. c4 e6 3. Nf3 c5 4. d5 exd5 5. cxd5 d6 6. Nc3 Bg4 7. g3 a6 8. a4
Nbd7 9. Bg2 Rb8 10. a5 Be7 11. O-O O-O 12. h3 Bxf3 13. exf3 b6 14. axb6 Qxb6
15. Qd3 Ra8 16. f4 Rfb8 17. Be3 a5 18. Rfe1 Bf8 19. g4 Qc7 20. Nb5 Qb7 21. Na3
a4 22. Nc4 Qb5 23. Rab1 Nb6 24. Bf1 Nfxd5 25. Qd2 Nxe3 26. Nxe3 Qb4 27. Qxb4
cxb4 28. Bg2 Ra7 29. Rbd1 g6 30. Nc2 Nc4 31. Rd4 Nxb2 32. Nxb4 Rxb4 33. Rxb4
Nd3 34. Rbb1 Nxe1 35. Rxe1 a3 36. Ra1 Bg7 37. Ra2 Bb2 38. Kf1 Re7 39. Bf3 Kf8
40. g5 Ke8 41. Kg2 Re1 42. h4 Ke7 43. Bd5 Rd1 44. Bb3 Rd3 45. Bc4 Rd4 46. Bb3
Rxf4 47. Kg3 Rd4 48. Bc2 Rd2 49. Bb3 Rd3+ 0-1

[Event "Outaouais-ch U20"]
[Site "Gatineau CAN"]
[Date "2019.02.26"]
[Round "5"]
[White "Sun, Roy"]
[Black "Dupont-Mageau, Nicolas"]
[Result "1-0"]
[WhiteElo "1398"]
[BlackElo "1604"]
[PlyCount "39"]
[EventDate "2019.01.22"]
[EventType "tourn"]
[EventRounds "5"]
[EventCountry "CAN"]

1. d4 Nf6 2. Nc3 g6 3. Bf4 d6 4. e3 Bg7 5. Be2 O-O 6. h4 h6 7. Qd3 Nbd7 8. h5
g5 9. Bxg5 hxg5 10. h6 Nb6 11. hxg7 Kxg7 12. O-O-O Rh8 13. Nf3 Ng4 14. Nxg5
Nxf2 15. Rh7+ Kf6 16. Rxf7+ Kxg5 17. Rg7+ Kh4 18. Qg6 Bg4 19. Qxg4+ Nxg4 20.
Rxg4+ 1-0

[Event "Paul Keres mem. (44th)"]
[Site "Richmond CAN"]
[Date "2019.05.18"]
[Round "1.1"]
[White "Orlov, Georgi"]
[Black "Ferguson, Peter"]
[Result "1-0"]
[WhiteElo "2503"]
[BlackElo "2035"]
[PlyCount "53"]
[EventDate "2019.05.18"]
[EventType "swiss"]
[EventRounds "6"]
[EventCountry "CAN"]

1. d4 f5 2. c4 g6 3. Nf3 Bg7 4. g3 d6 5. Nc3 Nh6 6. Bg2 O-O 7. h4 c6 8. h5 Ng4
9. hxg6 hxg6 10. Bg5 Qe8 11. e4 Qf7 12. Qe2 fxe4 13. Nxe4 Be6 14. Rc1 Nd7 15.
Bf4 Qe8 16. Neg5 Bf5 17. Ne6 Rf6 18. Nfg5 Nde5 19. Nxg7 Nd3+ 20. Qxd3 Nxf2 21.
Kxf2 Kxg7 22. Rh7+ Kg8 23. Rch1 Rf8 24. Rh8+ Kg7 25. R1h7+ Kf6 26. Rxf8+ Qxf8
27. Qe3 1-0

[Event "Paul Keres mem. (44th)"]
[Site "Richmond CAN"]
[Date "2019.05.18"]
[Round "1.2"]
[White "Zhou, Aiden"]
[Black "Doknjas, Joshua"]
[Result "0-1"]
[WhiteElo "2034"]
[BlackElo "2367"]
[PlyCount "62"]
[EventDate "2019.05.18"]
[EventType "swiss"]
[EventRounds "6"]
[EventCountry "CAN"]

1. d4 Nf6 2. c4 e6 3. g3 Bb4+ 4. Bd2 Be7 5. Bg2 d5 6. Nf3 O-O 7. O-O Nbd7 8.
Qc2 c6 9. Rd1 b6 10. Bf4 Ba6 11. b3 Rc8 12. Nc3 h6 13. e4 dxc4 14. Nd2 g5 15.
Be3 Ng4 16. Nxc4 b5 17. Nd2 c5 18. d5 Nxe3 19. fxe3 Ne5 20. Nf3 Qc7 21. Nxe5
Qxe5 22. Rac1 c4 23. bxc4 Ba3 24. Rb1 Rxc4 25. Rb3 Bb4 26. Rd4 Rxd4 27. exd4
Qxd4+ 28. Kh1 Rc8 29. Ne2 Rxc2 30. Nxd4 Rc1+ 31. Bf1 Bc5 0-1

[Event "Paul Keres mem. (44th)"]
[Site "Richmond CAN"]
[Date "2019.05.18"]
[Round "1.3"]
[White "Kaufman, Raymond"]
[Black "Cheng, Louis"]
[Result "1-0"]
[WhiteElo "2362"]
[BlackElo "2029"]
[PlyCount "81"]
[EventDate "2019.05.18"]
[EventType "swiss"]
[EventRounds "6"]
[EventCountry "CAN"]

1. d4 Nf6 2. c4 e6 3. Nc3 Bb4 4. Nf3 b6 5. Qb3 c5 6. Bg5 Nc6 7. d5 Na5 8. Qc2
h6 9. Bh4 d6 10. a3 Bxc3+ 11. Qxc3 e5 12. Nd2 Nb7 13. Qc2 O-O 14. e3 g5 15. Bg3
Nh5 16. Be2 Ng7 17. f3 Bf5 18. Qc3 Bg6 19. O-O-O f5 20. Bf2 Qf6 21. h4 e4 22.
hxg5 hxg5 23. Rh6 Rae8 24. Qxf6 Rxf6 25. f4 gxf4 26. Bh4 Bh5 27. Bxf6 Bxe2 28.
Rdh1 fxe3 29. Rh8+ Kf7 30. Bxg7 exd2+ 31. Kxd2 Bxc4 32. R8h7 e3+ 33. Ke1 Re7
34. Bc3+ Ke8 35. Rxe7+ Kxe7 36. Rh7+ Kd8 37. Rxb7 Bxd5 38. Rxa7 Bxg2 39. Ke2 d5
40. Bf6+ Kc8 41. Kxe3 1-0

[Event "Paul Keres mem. (44th)"]
[Site "Richmond CAN"]
[Date "2019.05.18"]
[Round "1.4"]
[White "Salcedo, Daniel E"]
[Black "Nyamdorj, Davaa-Ochir"]
[Result "1/2-1/2"]
[WhiteElo "2021"]
[BlackElo "2317"]
[PlyCount "81"]
[EventDate "2019.05.18"]
[EventType "swiss"]
[EventRounds "6"]
[EventCountry "CAN"]

1. d4 Nf6 2. c4 e6 3. Nc3 d5 4. Bg5 Nbd7 5. e3 Be7 6. Nf3 O-O 7. Bd3 h6 8. Bh4
dxc4 9. Bxc4 a6 10. O-O b5 11. Bb3 Bb7 12. Qe2 c5 13. Rfd1 cxd4 14. exd4 Nb6
15. Ne5 Nbd5 16. Nxd5 Nxd5 17. Bg3 Rc8 18. Re1 Bb4 19. Red1 Qg5 20. h4 Qf5 21.
Qg4 Qxg4 22. Nxg4 a5 23. a4 bxa4 24. Bxa4 Nb6 25. Bb3 Be4 26. Ne3 Rfd8 27. f3
Bg6 28. Bf2 h5 29. Kf1 Rd7 30. d5 exd5 31. Nxd5 Nxd5 32. Rxd5 Bd3+ 33. Kg1 Rxd5
34. Bxd5 Rd8 35. Bb3 Be2 36. Bb6 Rd2 37. Bxa5 Bc5+ 38. Kh1 Rxb2 39. Bd5 Bd4 40.
Be1 g6 41. Rc1 1/2-1/2

[Event "Paul Keres mem. (44th)"]
[Site "Richmond CAN"]
[Date "2019.05.18"]
[Round "1.5"]
[White "Huang, Patrick"]
[Black "Taylor, Tristan"]
[Result "1-0"]
[WhiteElo "2197"]
[BlackElo "2005"]
[PlyCount "21"]
[EventDate "2019.05.18"]
[EventType "swiss"]
[EventRounds "6"]
[EventCountry "CAN"]

1. d4 e6 2. Bf4 g5 3. Bg3 Bg7 4. e3 c5 5. Nc3 cxd4 6. exd4 Qb6 7. Nb5 Na6 8.
Nd6+ Kf8 9. Bxa6 bxa6 10. Qf3 f5 11. Qh5 1-0

[Event "Paul Keres mem. (44th)"]
[Site "Richmond CAN"]
[Date "2019.05.18"]
[Round "1.6"]
[White "Zheng, Victor"]
[Black "Mohammed Qanee, Arpak Worya"]
[Result "1/2-1/2"]
[WhiteElo "2000"]
[BlackElo "2194"]
[PlyCount "86"]
[EventDate "2019.05.18"]
[EventType "swiss"]
[EventRounds "6"]
[EventCountry "CAN"]

1. Nf3 d5 2. g3 Nc6 3. d4 Bg4 4. Bg2 e6 5. O-O Nf6 6. c4 Bxf3 7. Bxf3 Qd7 8. e3
Be7 9. Nc3 O-O 10. b3 Bb4 11. Bb2 Ne7 12. a3 Bxc3 13. Bxc3 Nf5 14. Qe2 c6 15.
Rab1 a5 16. Rfd1 Nd6 17. Bg2 a4 18. Bb4 axb3 19. Bxd6 Qxd6 20. c5 Qc7 21. Rxb3
Ra7 22. Rdb1 Rb8 23. Qb2 Nd7 24. Bh3 h5 25. Rb6 h4 26. Bg4 hxg3 27. hxg3 g6 28.
Kg2 Kg7 29. a4 Qd8 30. Rb4 Qg5 31. Bf3 Qf5 32. Rh1 Nf6 33. Qb1 Qxb1 34. Rhxb1
Kf8 35. a5 Ke7 36. Be2 Kd7 37. a6 Kc7 38. Rxb7+ Raxb7 39. Rxb7+ Rxb7 40. axb7
Kxb7 41. Kf3 g5 42. Bd3 Kc7 43. Ke2 g4 1/2-1/2